000 00389nam a2200157Ia 4500
008 230917s9999||||xx |||||||||||||| ||und||
020 _cRS9.5
040 _e39213
_aMAIN
041 _aEnglish
082 _a822.09 G346P
100 _aGhosh, Prabodh Chandra
245 0 _aPoetry and religion as drama
260 _aCalcutta
_bWorld Press
_c1965
300 _axiii, 211 p.
942 _cBK
999 _c105428
_d105428